000 00373nam a22001337a 4500
020 _a9789695571842
082 _a342.5491
100 _aImran Ahsan Khan Nyazee
245 _aLegal system of Pakistan
_cImran Ahsan Khan Nyazee
260 _aRawalpindi
_bFederal Law House
_c2018
300 _a311p
942 _2ddc
_cBK
999 _c586021
_d586021